Košice Hlavná ulica

Zobrazenie: Pohľad na námestie. Vľavo v popredí je rad budov, medzi nimi aj premonštrátny, predtým jezuitský kostol. Vpravo v pozadí je uprostred rozdvojenej Hlavnej ulice Národné divadlo. Vpravo v pozadí je náprotivný rad budov. V popredí je ulica s koľajnicami pre električky, jedna z nich je vľavo...

Full description

Bibliographic Details
Format: Postcard
Language:Slovak
PhysicalDescription:1 pohľadnica kolorovaná 9 x 14 cm
Published: Prague, 815/II Monopol [1923?]
Subjects:

MARC

LEADER 00000nkm a2200000 a 4500
001 vtls011878546
003 SK-MaSNL
005 20260512130532.0
007 kp ho
008 240703q1923 xr g kuslo
015 |a SNBG1923 
035 |a urn:nbn:sk:snk-km00dvio 
035 |a urn:nbn:sk:snk-km3lsje 
035 |a A47990DE-DAE6-480E-B2C1-70D8D60D16F6 
040 |a SNK  |b slo  |c SNK  |e AACR2 
041 0 |a slo 
043 |a e-xo--- 
044 |a xr  |c CZ 
072 7 |a 913  |x Regionálna geografia  |2 konspekt 
080 |a 913(437.6)  |2 2011 
080 |a 711.73  |2 2011 
080 |a (084.121)  |2 2011 
080 |a 711.61  |2 2011 
080 |a 792.05  |2 2011 
080 |a 726:27-523.42  |2 2011 
080 |a 27-789.43  |2 2011 
080 |a 27-789.5  |2 2011 
245 0 0 |a Košice  |h grafika  |b Hlavná ulica 
246 3 1 |a Kassa  |b Fö utca 
246 3 1 |a Kaschau  |b Haptstraße 
260 |a Prague, 815/II  |b Monopol  |c [1923?] 
300 |a 1 pohľadnica  |b kolorovaná  |c 9 x 14 cm 
500 |a Názvové údaje prevzaté z obrazovej časti pohľadnice 
520 8 |a Zobrazenie: Pohľad na námestie. Vľavo v popredí je rad budov, medzi nimi aj premonštrátny, predtým jezuitský kostol. Vpravo v pozadí je uprostred rozdvojenej Hlavnej ulice Národné divadlo. Vpravo v pozadí je náprotivný rad budov. V popredí je ulica s koľajnicami pre električky, jedna z nich je vľavo v pozadí na ulici. Pred divadlom vidno park a pred ním parkuje jeden zapriahnutý kočiar. Pred ním prechádzajú po ulici niekoľkí ľudia. Vľavo je na chodníku aj ulici množstvo ľudí v pozadí 
546 |a Súbežný názov a podnázov v maď. a nem. 
610 2 7 |a Národné divadlo v Košiciach  |2 SNKKA  |9 35765 
650 0 7 |a ulice  |2 SNKPH  |9 2938 
650 0 7 |a divadlá  |2 SNKPH  |9 29113 
650 0 7 |a kostoly  |2 SNKPH  |9 3023 
650 0 7 |a premonštráti  |2 SNKPH  |9 26791 
650 0 7 |a jezuiti  |2 SNKPH  |9 78567 
651 7 |a Hlavná ulica (Košice, Slovensko)  |2 SNKPHgeo  |9 29594 
651 7 |a Košice (Slovensko)  |2 SNKPHgeo  |9 18694 
655 7 |a miestne pohľadnice  |2 SNKPH  |9 70510 
752 |a Česko  |d Praha 
852 |a Slovenská národná knižnica 
958 |a EUIPO 
958 |a GBN 
958 |a GC 
958 |a OND 
999 |c 1205110  |d 1207040 
952 |a SNK  |b SNK  |y PREZ  |7 0  |p 17A1285376  |o snkSP 67017  |z Pohľadnica prešla poštou.  |0 0  |1 0  |4 0  |d 2019-07-23  |f 1  |l 0  |r 2026-02-24 22:54:52  |w 2026-02-24